LEADER 00939nam--2200349---450- 001 990002858550203316 005 20070119161524.0 035 $a000285855 035 $aUSA01000285855 035 $a(ALEPH)000285855USA01 035 $a000285855 100 $a20070119d2006----km-y0itay50------ba 101 0 $aspa 102 $aES 105 $ay|||||||001yy 200 1 $aOdas$aEpodos$fHoracio$gedicion y traduccion Alfonso Cuatrecasas 210 $aMadrid$cColeccion Austral$d[c. 2006] 215 $a240 p.$d16 cm 225 2 $aPoesia 410 0$12001$aPoesia 676 $a874.01 700 1$aHORATIUS FLACCUS,$bQuintus$075513 702 1$aCUATRECASAS,$bAlfonso 801 0$aIT$bsalbc$gISBD 912 $a990002858550203316 951 $aV.3.A. 160$b191751 LM$cV.3. 959 $aBK 969 $aUMA 979 $aSENATORE$b90$c20070119$lUSA01$h1615 996 $aEpodos$9991710 996 $aOdas$9991709 997 $aUNISA LEADER 01147nam0-22003731i-450- 001 990005509770203316 005 20130122121700.0 035 $a000550977 035 $aUSA01000550977 035 $a(ALEPH)000550977USA01 035 $a000550977 100 $a20121027d2003-------|0enac50------ba 101 $aeng 102 $aGB 105 $a|||| ||||| 200 1 $aNonlinear time series$enonparametricand parametric methods$fby Jianqing Fan and Qiwei Yao 210 $aNew York$cSpringer$d2003 215 $axix, 551 p.$a24 cm 700 $aFAN,$bJianqing$0280564 701 $aYAO,$bQiwei$0280565 801 $aIT$c20120104 912 $a990005509770203316 950 $aDIP.TO SCIENZE ECONOMICHE - (SA)$e11149 DISES 951 $a519.232 FAN$b11149 DISES 959 $aBK 969 $aDISES 979 $c20121027$lUSA01$h1532 979 $c20121027$lUSA01$h1613 979 $aMORRIELLO$b90$c20130122$lUSA01$h1125 979 $aMORRIELLO$b90$c20130122$lUSA01$h1129 979 $aMORRIELLO$b90$c20130122$lUSA01$h1144 979 $aMORRIELLO$b90$c20130122$lUSA01$h1217 996 $aNonlinear time series$9672370 997 $aUNISA